000 00526nam a2200181Ia 4500
001 18139
005 20260306171608.0
008 260306s9999||||xx |||||||||||||| ||und||
041 _aESP
082 _a658.4012
_bH19A
100 _aHamel, Gary
_eAUT
245 0 _aLo que ahora importa:
_bcómo asegurar el futuro de su empresa y otros consejos esenciales del mayor experto en estrategia empresarial
260 _c2012
300 _a330 páginas :
_c23 cm.
650 _aGEN
654 _aCAN
942 _cLIB
_dJUS
_fJUS
_2ddc
_n
999 _c18139
_d18139